000 00550nam a2200181 a 4500
001 3515
005 20140414131950.0
008 060505s19uu xx 00 eng d
020 _a0-07-571419-1
050 _aTR 372.4
_bL.2-Unit4 BLM 2002
245 _aUnit 4 assessment, L.2 Unit 4 :
_bblackline masters.
260 _aColumbus, Ohio :
_bSRA/McGraw-Hill,
_c2002.
300 _a48 p. ; cm.
440 _aSRA Open Court Reading, Green
526 _cGrade 2
650 _aReading
_xStudy and teaching
_xActivities
_xReproducibles.
999 _c112762
_d112762